00961nam a22002297a 450000500170000001000150001702000260003203500130005803700130007108200130008410000960009724501150019326000390030827000470034730000460039450000190044065000420045965000480050194200270054999900170057695201380059320100825122438.0 aENG-101303 a9788184245646c900.00 aEN-84835 bDBAD/PUB a621.3821 aAdvances in Recent Trends in Communication and Networks (January15-16, 2010 : Ashta)916692 aProceedings of National conference on advances in recent trends in communication and networks :bARTCON 2010 / bAllied PublishersaNew Delhic2009 bNew DelhiaA-104 Mayapuri Phase IIe110064 axxii, 275p.:c28cm (Hb)eb&w photosbill. aIncludes index aWireless communication systems916693 aIntegrated services digital networks916694 2ddccENh621.3821mPRO c43062d43062 001040718NFICaDBADbDBADd2010-08-25eDBAD/PUBg900.00l0o621.3821 PROpEN-84836r2010-08-25 00:00:00t1v900.00w2010-08-25yEN